<?xml version="1.0" encoding="UTF-8"?>
<record
    xmlns:xsi="http://www.w3.org/2001/XMLSchema-instance"
    xsi:schemaLocation="http://www.loc.gov/MARC21/slim http://www.loc.gov/standards/marcxml/schema/MARC21slim.xsd"
    xmlns="http://www.loc.gov/MARC21/slim">

  <leader>00533    a2200169   4500</leader>
  <datafield tag="952" ind1=" " ind2=" ">
    <subfield code="0">0</subfield>
    <subfield code="1">0</subfield>
    <subfield code="2">ddc</subfield>
    <subfield code="4">0</subfield>
    <subfield code="7">0</subfield>
    <subfield code="8">TOURISM</subfield>
    <subfield code="a">MES</subfield>
    <subfield code="b">MES</subfield>
    <subfield code="c">TOURISM </subfield>
    <subfield code="d">2022-10-11</subfield>
    <subfield code="e">54</subfield>
    <subfield code="g">1196.00</subfield>
    <subfield code="l">0</subfield>
    <subfield code="o">387.712 NEG/A</subfield>
    <subfield code="p">41655</subfield>
    <subfield code="r">2022-10-11 00:00:00</subfield>
    <subfield code="v">1495.00</subfield>
    <subfield code="w">2022-10-11</subfield>
    <subfield code="y">BK</subfield>
    <subfield code="z">U2R2</subfield>
  </datafield>
  <datafield tag="999" ind1=" " ind2=" ">
    <subfield code="c">41609</subfield>
    <subfield code="d">41609</subfield>
  </datafield>
  <controlfield tag="003">OSt</controlfield>
  <controlfield tag="005">20221011103209.0</controlfield>
  <controlfield tag="008">221011b           ||||| |||| 00| 0 eng d</controlfield>
  <datafield tag="020" ind1=" " ind2=" ">
    <subfield code="a">9788173916284</subfield>
  </datafield>
  <datafield tag="040" ind1=" " ind2=" ">
    <subfield code="c">oclc</subfield>
  </datafield>
  <datafield tag="082" ind1=" " ind2=" ">
    <subfield code="a">387.712</subfield>
    <subfield code="b">NEG/A</subfield>
  </datafield>
  <datafield tag="100" ind1="1" ind2=" ">
    <subfield code="9">9171</subfield>
    <subfield code="a">Negi, Jagmohan,</subfield>
    <subfield code="d">1941-</subfield>
  </datafield>
  <datafield tag="245" ind1=" " ind2=" ">
    <subfield code="a">Air travel ticketing and fare construction /</subfield>
    <subfield code="c">Prof. (Dr.) Jagmohan Negi</subfield>
  </datafield>
  <datafield tag="260" ind1=" " ind2=" ">
    <subfield code="a">New Delhi:</subfield>
    <subfield code="b">Kanishka Publishers,</subfield>
    <subfield code="c">2019.</subfield>
  </datafield>
  <datafield tag="300" ind1=" " ind2=" ">
    <subfield code="a">494 pages</subfield>
  </datafield>
  <datafield tag="942" ind1=" " ind2=" ">
    <subfield code="2">ddc</subfield>
    <subfield code="c">BK</subfield>
    <subfield code="h">387.712</subfield>
    <subfield code="i">NEG/A</subfield>
    <subfield code="k">387.712</subfield>
    <subfield code="m">NEG/A</subfield>
  </datafield>
</record>
